000 00625nam a2200193 a 4500
001 BRCA_7505
005 20190320205850.0
008 160408s2013----u--a######---#000-0#eng-#
041 _aeng
044 _au
050 4 _aN736.5
_b.S26 2013
245 1 0 _aThe San Antonio Museum of Art
_bguide to the collection.
260 _aSan Antonio, Texas
_bSan Antonio Museum of Art
_c2013
300 _a220 p.
_bil. a color
_c25 cm.
500 _aIncluye índice alfabético
610 2 4 _aSan Antonio Museum of Art
_vGuías
_xColecciones de arte
_zTexas
_918503
650 1 4 _aArte
_vCatálogos
_zSan Antonio, Texas
_918504
942 _2lcc
_cB
999 _c7180
_d7180